「ぼ」で終わる駅名 - Statistics

General Stats
  • This quiz has been taken 61 times
  • The average score is 11 of 32
Answer Stats
都道府県 駅名 読み % Correct
秋田県 大久保 おおくぼ
91%
東京都 大久保 おおくぼ
91%
京都府 大久保 おおくぼ
91%
兵庫県 大久保 おおくぼ
91%
東京都 新大久保 しんおおくぼ
83%
東京都 荻窪 おぎくぼ
63%
東京都 西荻窪 にしおぎくぼ
57%
沖縄県 儀保 ぎぼ
37%
東京都 程久保 ほどくぼ
37%
山梨県 国母 こくぼ
33%
長崎県 佐世保 させぼ
33%
東京都 恋ヶ窪 こいがくぼ
28%
静岡県 水窪 みさくぼ
28%
千葉県 京成大久保 けいせいおおくぼ
26%
埼玉県 芦ヶ久保 あしがくぼ
24%
三重県 保々 ほぼ
24%
千葉県 上総大久保 かずさおおくぼ
22%
千葉県 上総久保 かずさくぼ
22%
長崎県 北佐世保 きたさせぼ
22%
長崎県 中佐世保 なかさせぼ
22%
愛知県 牛久保 うしくぼ
20%
岐阜県 打保 うつぼ
20%
愛知県 愛環梅坪 あいかんうめつぼ
17%
愛知県 梅坪 うめつぼ
17%
愛媛県 田窪 たのくぼ
17%
北海道 苗穂 なえぼ
17%
福井県 越前新保 えちぜんしんぼ
15%
長野県 七久保 ななくぼ
15%
佐賀県 肥前久保 ひぜんくぼ
15%
山口県 周防久保 すおうくぼ
13%
愛媛県 市坪 いちつぼ
11%
静岡県 沼久保 ぬまくぼ
11%
No matching quizzes found
Score Distribution
Percent of People with Each Score
Percentile by Number Answered
Your Score History
You have not taken this quiz